00644nam a2200193Ia 4500952012800000999001700128003000400145005001700149008004100166020001500207040001800222082001800240100002700258245006000285260004400345300000900389650001000398942004200408 00102ddc40708LITaMESbMEScHINd2019-02-20g200.00l0o891.43 MAL/Ap34127r2019-02-20 00:00:00w2019-02-20yBKzGR6R3 c16601d16601OSt20200606115943.0190216s9999||||xx |||||||||||||| ||und|| a818838433X cMESKC library a891.43bMAL/A aMalhothra, Rashim9334 0aAdhunik Hindi Sahithya Vivith Ayaam /cRashim Malhothra bJeevan Jyothi Prakashan,aDelhi:c2009. a204p aHindi cBK2ddch891.43iMAL/Ak891.43mMAL/A